1474 1839 1586 1386 1285 1458 1244 1815 1767 1239 1415 1012 1296 1882 1531 1214 1186 1063 1678 1286 1232 1172 1265 1950 1743 1110 1206 1681 1416 1148 1009 1952 1415 1968 1465 1056 1998 1175 1216 1294 1312 1116 1528 1020 1359 1891 1531 1564 1857 1039 1785 1019 1326 1044 1318 1500 1744 1149 1414 1216 1338 1142 1949 1817 1238 1128 1953 1805 1342 1820 1188 1291 1937 1203 1610 1124 1526 1818 1974 1281 1490 1234 1556 1721 1889 1558 1862 1007 1289 1149 1631 1847 1540 1632 1299 1725 1322 1232 1999 BCNSPRNW ULIB Ver.6.0+V

เปลี่ยนเป็นภาษาไทย

Change to English
 แสดงรายละเอียดบรรณานุกรม
  กลับหน้าหลัก

Brief Record : Get Marc (ISO 2709) : E-mail record : QR code < ปิดหน้าต่าง
LEADER : 00000nam 2200000uu 4500
001    13399107795
003     ULIB
008    110203s2552||||th 000 0 tha d
020    9789749608371(ล.1)
060 04 QY400^bป111ค ล.1 2552
100 0  ประสาร เปรมะสกุล,^cพลเอก
245 10 คู่มือแปลผลตรวจเลือด.^nเล่มแรก /^cพลเอก ประสาร เปรมะสกุล
250    พิมพ์ครั้งที่ 1
260    กรุงเทพฯ :^bอรุณการพิมพ์,^c2552
300    372 หน้า :^bภาพประกอบ ;^c23 ซม.
440  0 หนังสือชุดชีววิถีแนวใหม่ ;^vเล่มที่ 5
591    LIRV มีพิมพ์ครั้งที่ 3, 2552
591    LINS มีพิมพ์ครั้งที่ 3 (พ.ศ. 2552)
591    BNSDM มีพิมพ์ครั้งที่ 3 (พ.ศ. 2552)
650  7 เลือด, การตรวจ
945    ^p350^l0^i025878
945    ^p350^l0^i025877
945    ^p350^l0^i025876
945    ^p350^l0^i025875
945    ^p350^l0^i025873
945    ^p350^l0^i025084
945    ^p350^l0^i025083
945    ^p350^l0^i025081
945    ^p350^l0^i027317
945    ^p350^l0^i025874
945    ^p350^l0^i025082
995    ทศพร
999 ^a ใช้งานได้ทุกระบบ
รายการนี้ยังไม่มีแท็ก
คุณยังไม่ได้ล็อกอิน คุณสามารถมีกิจกรรมร่วมกับเว็บไซต์ได้ แต่ต้องล็อกอินก่อน ::
  ล็อกอิน

รายการสื่อสารสนเทศ

ลำดับที่ ประเภท เลขเรียก/บาร์โค้ด สถานที่ สถานะ
- ไม่พบข้อมูล -

รายการใกล้เคียง
    หัวเรื่อง [เลือด, การตรวจ]

BibComment


ยังไม่เคยถูกคอมเมนท์

คอมเมนท์ทรัพยากรรายการนี้
  คอมเมนท์: คู่มือแปลผลตรวจเล..


 Copyright 2026. Bcnsprnw @Library